000
00304nam a2200121Ia 4500
008
210430s9999 xx 000 0 und d
082
_a
340P294 T
100
_a
G.W.PATON
245
2
_a
A Textbook of Jurisprudence
_c
G.W.PATON
260
_a
New york
_b
G.W.PATON
_c
1972
300
_a
659P
942
_c
BK
_2
ddc
999
_c
562660
_d
562660